MARC details
| 000 -CABECERA |
| campo de control de longitud fija |
02871nam a2200373 i 4500 |
| 001 - NÚMERO DE CONTROL |
| campo de control |
000000653 |
| 003 - IDENTIFICADOR DEL NÚMERO DE CONTROL |
| campo de control |
DO-SdBNP |
| 005 - FECHA Y HORA DE LA ÚLTIMA TRANSACCIÓN |
| campo de control |
20260526142530.0 |
| 007 - CAMPO FIJO DE DESCRIPCIÓN FÍSICA--INFORMACIÓN GENERAL |
| campo de control de longitud fija |
ta |
| 008 - DATOS DE LONGITUD FIJA--INFORMACIÓN GENERAL |
| campo de control de longitud fija |
090331s2006 dr ac 000 0 spa d |
| 040 ## - FUENTE DE LA CATALOGACIÓN |
| Centro catalogador/agencia de origen |
DO-SdBNP |
| Lengua de catalogación |
spa |
| Centro/agencia transcriptor |
BNPHU |
| Normas de descripción |
rda |
| 041 ## - CÓDIGO DE LENGUA |
| Código de lengua del texto/banda sonora o título independiente |
spa |
| 082 #4 - NÚMERO DE LA CLASIFICACIÓN DECIMAL DEWEY |
| Número de clasificación |
972.93697 |
| Número de documento/Ítem |
M538m |
| Número de edición |
22 |
| 100 1# - ENTRADA PRINCIPAL--NOMBRE DE PERSONA |
| Nombre de persona |
Méndez Jiminián, Jesús, |
| Término indicativo de función/relación |
autor |
| Código de función/relación |
aut. |
| 9 (RLIN) |
2186 |
| 245 10 - MENCIÓN DE TÍTULO |
| Título |
Martí por los caminos de La Vega Real : |
| Resto del título |
pasión y gloria / |
| Mención de responsabilidad, etc. |
Jesús Méndez Jiminián. |
| 264 #1 - PRODUCCIÓN, PUBLICACIÓN, DISTRIBUCIÓN, FABRICACIÓN Y COPYRIGHT |
| Producción, publicación, distribución, fabricación y copyright |
Santo Domingo : |
| Nombre del de productor, editor, distribuidor, fabricante |
Prográfica, |
| Fecha de producción, publicación, distribución, fabricación o copyright |
2006. |
| 300 ## - DESCRIPCIÓN FÍSICA |
| Extensión |
207 páginas : |
| Otras características físicas |
ilustraciones retratos ; |
| Dimensiones |
21 cm. |
| 336 ## - TIPO DE CONTENIDO |
| Término de tipo de contenido |
texto |
| Código de tipo de contenido |
txt |
| Fuente |
rdacontent |
| 337 ## - TIPO DE MEDIO |
| Nombre/término del tipo de medio |
sin mediación |
| Código del tipo de medio |
n |
| Fuente |
rdamedia |
| 338 ## - TIPO DE SOPORTE |
| Nombre/término del tipo de soporte |
volumen |
| Código del tipo de soporte |
nc |
| Fuente |
rdacarrier |
| 500 ## - NOTA GENERAL |
| Nota general |
Preparar un pueblo para defenderse, y para vivir con honor, es el mejor modo de defenderlo. |
| 500 ## - NOTA GENERAL |
| Nota general |
Incluye referencias bibliográficas y notas al pie de las páginas. |
| 504 ## - NOTA DE BIBLIOGRAFÍA, ETC. |
| Nota de bibliografía, etc. |
Bibliografía : páginas 201-207. |
| 505 0# - NOTA DE CONTENIDO CON FORMATO |
| Nota de contenido con formato |
Dedicatoria -- |
| Título |
Agradecimientos -- |
| -- |
Prólogo -- |
| Información miscelánea |
Capítulo 1-- |
| Título |
La Vega de entonces (1850-1900) -- |
| Información miscelánea |
Capítulo 2-- |
| Título |
Apuntes sobre la economía de La Vega durante la segunda mitad del siglo XIX -- |
| Información miscelánea |
Capítulo 3-- |
| Título |
Vida cultural, religiosa, folklore, costumbres y leyendas veganas (1850-1900) -- |
| Información miscelánea |
Capítulo 4-- |
| Título |
Escuelas, sociedades, gremios y otras instituciones en La Vega durante la segunda mitad del siglo XIX -- |
| Información miscelánea |
Capítulo 5-- |
| Título |
La presencia de Martí en La Vega Real -- |
| -- |
Martí camino a La Vega Real -- |
| -- |
Capítulo 6-- |
| -- |
La prensa vegana y los clubes revolucionarios en la República Dominicana: su papel en el proyecto martiano -- |
| -- |
Capítulo 7-- |
| -- |
Luperón y Heureaux: aportes a la causa cubana -- |
| Información miscelánea |
Capítulo 8-- |
| Título |
Martí y Federico García Godoy. Crítica a Ramona, novela americana traducida por Martí -- |
| Información miscelánea |
Capítulo 9 -- |
| Título |
Martí en el recuerdo de grandes veganos del siglo XIX -- Don Manuel Ubaldo Gómez y Moya |
| Información miscelánea |
Capítulo 10-- |
| Título |
Epistolario de José Eleuterio Hatton sobre la causa cubana desde Santo Domingo 1896-- |
| Información miscelánea |
Capítulo 11-- |
| Título |
Cuba y el General Weyler 1896-- |
| Información miscelánea |
Capítulo 12-- |
| Título |
La campaña de la reforma: la gran desgracia de Weyler en la guerra de independencia cubana-- |
| Información miscelánea |
Capítulo 13-- |
| Título |
Circulares, órdenes y mandos del general Weyler en Cuba entre 1896 y 1897-- |
| Información miscelánea |
Capítulo 14-- |
| Título |
Los Estados Unidos y el general Weyler en los tiempos de la guerra de independencia cubana 1897. |
| 590 ## - NOTA LOCAL (RLIN) |
| Nota local |
Inventariado, 2024 / DG |
| 600 10 - PUNTO DE ACCESO ADICIONAL DE MATERIA--NOMBRE DE PERSONA |
| Nombre de persona |
Martí, José, |
| Fechas asociadas al nombre |
1853-1895 |
| 9 (RLIN) |
645 |
| 651 #4 - PUNTO DE ACCESO ADICIONAL DE MATERIA--NOMBRE GEOGRÁFICO |
| Nombre geográfico |
Concepción de la Vega (Republica Dominicana ) |
| 9 (RLIN) |
2180 |
| 651 #4 - PUNTO DE ACCESO ADICIONAL DE MATERIA--NOMBRE GEOGRÁFICO |
| Nombre geográfico |
Concepción de la Vega (República Dominicana) |
| Subdivisión general |
Condiciones económicas |
| -- |
Historia |
| 9 (RLIN) |
2187 |
| 651 #4 - PUNTO DE ACCESO ADICIONAL DE MATERIA--NOMBRE GEOGRÁFICO |
| Nombre geográfico |
Concepción de la Vega (República Dominicana) |
| Subdivisión general |
Condiciones sociales |
| -- |
Historia |
| 9 (RLIN) |
2188 |
| 651 #4 - PUNTO DE ACCESO ADICIONAL DE MATERIA--NOMBRE GEOGRÁFICO |
| Nombre geográfico |
Cuba |
| Subdivisión general |
Historia |
| 9 (RLIN) |
493 |
| 651 #4 - PUNTO DE ACCESO ADICIONAL DE MATERIA--NOMBRE GEOGRÁFICO |
| Nombre geográfico |
República Dominicana |
| Subdivisión general |
Historia |
| 9 (RLIN) |
170 |
| 910 ## - DATOS DE OPCIÓN DEL USUARIO (OCLC) |
| Datos de opción del usuario |
Validado. Control de calidad MMOLINA |
| 942 ## - ELEMENTOS DE PUNTO DE ACCESO ADICIONAL (KOHA) |
| Fuente del sistema de clasificación o colocación |
Dewey Decimal Classification |
| Tipo de ítem Koha |
Libro |